| 000 | 00929nam a22003257b 4500 | ||
|---|---|---|---|
| 001 | 00700715 | ||
| 003 | DO-SdBNP | ||
| 005 | 20240718100534.0 | ||
| 007 | 00700715 | ||
| 008 | 971017s1997 sp ||| ||spa | ||
| 017 |
_a _b |
||
| 020 | _a8420777722 | ||
| 035 | _a | ||
| 040 |
_aBPMSU _bspa _cBPMSU _e |
||
| 041 | 1 |
_aspa _h |
|
| 080 | 0 | _a | |
| 082 | 4 |
_a833.91 _bH333u 1997 _222 |
|
| 100 | 1 |
_aHartmann, Lukas _d1944- |
|
| 245 | 1 | 4 |
_aUna nariz muy larga / _cLukas Hartmann ; ilustraciones de Susann Opel-Götz ; traducción de Carlos Fortea _h |
| 250 | _a | ||
| 260 |
_aMadrid : _bAnaya, _c1997 |
||
| 300 |
_a228 p. : _bil.; _c21 cm |
||
| 490 | 0 |
_aSopa de libros, _v10 |
|
| 534 |
_pTítulo original : _tSo eine Lange Nase |
||
| 590 | _aInventariado, 2024/VM | ||
| 650 | 4 | _aNovela juvenil suiza | |
| 700 | 1 |
_aOpel Gütz, Susann _eilustraciones |
|
| 910 | _aVMateo V. Control de calidad. BPMSU | ||
| 942 |
_2ddc _cBK |
||
| 999 |
_c9855 _d9855 |
||